Peňažný trh SR v roku 1997

Zložitý vývoj peňažného trhu v priebehu roku 1997. NBS zmenila doterajšiu koncepciu menovej politiky - prestala hrať ťažiskovú úlohu na trhu. Reakciou bankového sektora bola redukcia peňažného trhu formou skracovania obchodovateľných dĺžok a presun objemového ťažiska medzibankového obchodovania do j...

Descrizione completa

Salvato in:
Dettagli Bibliografici
Autore principale: Andresič, Peter
Natura: Capitolo di libro
Lingua:slovacco
Soggetti:
Tags: Aggiungi Tag
Nessun Tag, puoi essere il primo ad aggiungerne!!

MARC

LEADER 00000naa a2200000 4500
001 r033701
005 20221130064111.3
041 0 |a slo 
044 |a SK 
245 1 0 |a Peňažný trh SR v roku 1997  |c Peter Andresič 
520 |a Zložitý vývoj peňažného trhu v priebehu roku 1997. NBS zmenila doterajšiu koncepciu menovej politiky - prestala hrať ťažiskovú úlohu na trhu. Reakciou bankového sektora bola redukcia peňažného trhu formou skracovania obchodovateľných dĺžok a presun objemového ťažiska medzibankového obchodovania do jednodňových vkladov. Výrazne utrpel medzibankový REPO trh so štátnymi cennými papiermi aj rozvíjajúci sa trh derivátov. 
610 2 0 |a trh peňažný 
610 2 0 |a Slovensko 
610 2 0 |a obchody bankové 
610 2 0 |a repo obchody 
610 2 0 |a sadzby úrokové 
610 2 0 |a banky 
610 2 0 |a 1997 
100 1 |a Andresič, Peter